00230nam a22000977a 4500020001800000082001600018100002100034245003900055260003000094300000800124 a0-212-35893-6 a665.5 WAL'P aWALMSLEY, GORDEN aPETROL AND OILS ITS MADE LIKE THIS aLONDONbJOHN BAKKERc1967 a56P